Manejo de proyectos de alimentación y nutrición en comunidades : guía didáctica.
Guardado en:
| Autor Corporativo: | |
|---|---|
| Formato: | Libro |
| Idioma: | Spanish |
| Publicado: |
Roma :
FAO,
1995.
|
| Acceso en línea: | Texto completo |
| Etiquetas: |
Agregar Etiqueta
Sin Etiquetas, Sea el primero en etiquetar este registro!
|
| LEADER | 00680nam a22001815a 4500 | ||
|---|---|---|---|
| 001 | EEA.libagro005171 | ||
| 005 | 20181002112629.0 | ||
| 008 | 130809s1995####it#a##########000#0#spa#d | ||
| 020 | |a 9253036850 | ||
| 082 | 0 | 4 | |a 338.181 |
| 082 | 0 | 4 | |a 630.715 |
| 110 | 2 | |a Organización de las Naciones Unidas para la Agricultura y la Alimentación. | |
| 245 | 1 | 0 | |a Manejo de proyectos de alimentación y nutrición en comunidades : |b guía didáctica. |
| 260 | |a Roma : |b FAO, |c 1995. | ||
| 300 | |a 241 p. : |b il. ; |c 30 cm. | ||
| 530 | |a Disponible también en línea. | ||
| 856 | |u http://www.fao.org/docrep/018/v6465s/v6465s.pdf |3 Texto completo | ||
| 859 | |a AR-BbBCA |b BIB. AGRONOMIA |h 338.181 |i F218-6 |p 1995/2442 | ||
